Healing our earth (Record no. 76140)
[ view plain ]
| 000 -LEADER | |
|---|---|
| fixed length control field | 01928nam a2200277 a 4500 |
| 008 - FIXED-LENGTH DATA ELEMENTS--GENERAL INFORMATION | |
| fixed length control field | 061215s2006 ||||||||||||||||| || u |
| 050 ## - LIBRARY OF CONGRESS CALL NUMBER | |
| Classification number | ZAM.PER CEP(05) |
| 110 ## - MAIN ENTRY--CORPORATE NAME | |
| Corporate name or jurisdiction name as entry element | Copperbelt Environment Project(CEP) |
| 245 10 - TITLE STATEMENT | |
| Title | Healing our earth |
| 246 ## - | |
| -- | CEP News |
| 260 ## - PUBLICATION, DISTRIBUTION, ETC. | |
| Place of publication, distribution, etc. | Kitwe |
| Name of publisher, distributor, etc. | CEP |
| Date of publication, distribution, etc. | 2006 |
| 300 ## - PHYSICAL DESCRIPTION | |
| Extent | 11 pages : illustrations |
| 350 ## - | |
| -- | 0.00 |
| 500 ## - GENERAL NOTE | |
| General note | a publication of the Copperbelt Environment Project |
| 650 ## - SUBJECT ADDED ENTRY--TOPICAL TERM | |
| Topical term or geographic name entry element | ENVIRONMENTAL PROTECTION--PERIODICALS--COPPERBELT |
| 650 ## - SUBJECT ADDED ENTRY--TOPICAL TERM | |
| Topical term or geographic name entry element | ENVIRONMENTAL MONITORING--COPPERBELT |
| 650 ## - SUBJECT ADDED ENTRY--TOPICAL TERM | |
| Topical term or geographic name entry element | ENVIRONMENTAL RESPONSIBILITY--ZAMBIA, COPPERBELT PROVINCE |
| 650 ## - SUBJECT ADDED ENTRY--TOPICAL TERM | |
| Topical term or geographic name entry element | ENVIRONMENT |
| 995 ## - | |
| -- | SPECIAL COLLECTIONS |
| -- | 0.00 |
| -- | ZAM.PER CEP(05)HOEN/ |
| -- | CBU-MAIN LIBRARY (Kitwe) |
| -- | 1 |
| -- | 0.00 |
| -- | ZAM.PER CEP(05)HOEN/06/1 |
| -- | 2 |
| -- | AVAILABLE |
| -- | Dec 15, 2006 |
| -- | Z03001589 |
| -- | Zambiana Collection |
| 995 ## - | |
| -- | SPECIAL COLLECTIONS |
| -- | 0.00 |
| -- | ZAM.PER CEP(05)HOEN/ |
| -- | CBU-MAIN LIBRARY (Kitwe) |
| -- | 1 |
| -- | 0.00 |
| -- | ZAM.PER CEP(05)HOEN/06/2 |
| -- | 4 |
| -- | AVAILABLE |
| -- | Dec 15, 2006 |
| -- | Z03001591 |
| -- | Zambiana Collection |
| 995 ## - | |
| -- | SPECIAL COLLECTIONS |
| -- | 0.00 |
| -- | ZAM.PER CEP(05)HOEN/ |
| -- | CBU-MAIN LIBRARY (Kitwe) |
| -- | 1 |
| -- | 0.00 |
| -- | ZAM.PER CEP(05)HOEN/06/1 |
| -- | 1 |
| -- | AVAILABLE |
| -- | Dec 15, 2006 |
| -- | Z03001588 |
| -- | Zambiana Collection |
| 995 ## - | |
| -- | SPECIAL COLLECTIONS |
| -- | 0.00 |
| -- | ZAM.PER CEP(05)HOEN/ |
| -- | CBU-MAIN LIBRARY (Kitwe) |
| -- | 1 |
| -- | 0.00 |
| -- | ZAM.PER CEP(05)HOEN/06/2 |
| -- | 2 |
| -- | AVAILABLE |
| -- | Dec 15, 2006 |
| -- | Z03001592 |
| -- | Zambiana Collection |
| 995 ## - | |
| -- | SPECIAL COLLECTIONS |
| -- | 0.00 |
| -- | ZAM.PER CEP(05)HOEN/ |
| -- | CBU-MAIN LIBRARY (Kitwe) |
| -- | 1 |
| -- | 0.00 |
| -- | ZAM.PER CEP(05)HOEN/06/2 |
| -- | 2 |
| -- | AVAILABLE |
| -- | Dec 15, 2006 |
| -- | Z03001593 |
| -- | Zambiana Collection |
| 995 ## - | |
| -- | SPECIAL COLLECTIONS |
| -- | 0.00 |
| -- | ZAM.PER CEP(05)HOEN/ |
| -- | CBU-MAIN LIBRARY (Kitwe) |
| -- | 1 |
| -- | 0.00 |
| -- | ZAM.PER CEP(05)HOEN/07 |
| -- | 1 |
| -- | AVAILABLE |
| -- | Oct 16, 2008 |
| -- | Z03003049 |
| -- | Zambiana Collection |
| 995 ## - | |
| -- | SPECIAL COLLECTIONS |
| -- | 0.00 |
| -- | ZAM.PER CEP(05)HOEN/ |
| -- | CBU-MAIN LIBRARY (Kitwe) |
| -- | 1 |
| -- | 0.00 |
| -- | ZAM.PER CEP(05)HOEN/06/1 |
| -- | 3 |
| -- | AVAILABLE |
| -- | Dec 15, 2006 |
| -- | Z03001590 |
| -- | Zambiana Collection |
| 999 ## - | |
| -- | 76140 |
| -- | 76140 |
| Withdrawn status | Lost status | Source of classification or shelving scheme | Damaged status | Not for loan | Permanent Location | Current Location | Shelving location | Date acquired | Total Checkouts | Full call number | Barcode | Date last seen | Copy number | Price effective from | Koha item type |
|---|---|---|---|---|---|---|---|---|---|---|---|---|---|---|---|
| CBU-MAIN LIBRARY, KITWE. | CBU-MAIN LIBRARY, KITWE. | 04/25/2023 | ZAM.PER CEP(05)HOEN/06/1 | Z03001589 | 04/25/2023 | 1 | 04/25/2023 | SPECIAL COLLECTION | |||||||
| CBU-MAIN LIBRARY, KITWE. | CBU-MAIN LIBRARY, KITWE. | 04/25/2023 | ZAM.PER CEP(05)HOEN/06/2 | Z03001591 | 04/25/2023 | 2 | 04/25/2023 | SPECIAL COLLECTION | |||||||
| CBU-MAIN LIBRARY, KITWE. | CBU-MAIN LIBRARY, KITWE. | 04/25/2023 | ZAM.PER CEP(05)HOEN/06/1 | Z03001588 | 04/25/2023 | 3 | 04/25/2023 | SPECIAL COLLECTION | |||||||
| CBU-MAIN LIBRARY, KITWE. | CBU-MAIN LIBRARY, KITWE. | 04/25/2023 | ZAM.PER CEP(05)HOEN/06/2 | Z03001592 | 04/25/2023 | 4 | 04/25/2023 | SPECIAL COLLECTION | |||||||
| CBU-MAIN LIBRARY, KITWE. | CBU-MAIN LIBRARY, KITWE. | 04/25/2023 | ZAM.PER CEP(05)HOEN/06/2 | Z03001593 | 04/25/2023 | 5 | 04/25/2023 | SPECIAL COLLECTION | |||||||
| CBU-MAIN LIBRARY, KITWE. | CBU-MAIN LIBRARY, KITWE. | 04/25/2023 | ZAM.PER CEP(05)HOEN/07 | Z03003049 | 04/25/2023 | 6 | 04/25/2023 | SPECIAL COLLECTION | |||||||
| CBU-MAIN LIBRARY, KITWE. | CBU-MAIN LIBRARY, KITWE. | 04/25/2023 | ZAM.PER CEP(05)HOEN/06/1 | Z03001590 | 04/25/2023 | 04/25/2023 | SPECIAL COLLECTION |